000 01417nam a22003015i 4500
001 160692
003 ES-MaACL
005 20250816234037.0
008 990618s1767 it f |||| | lat d
040 _aCCPB | B
_bspa
_cCCPB | B
100 1 _aNieupoort, Wilem Hendrik.
_9130488
245 1 0 _aRituum qui olim apud romanos obtinuerunt succincta explicatio
_b: ad intelligentiam veterum auctorum facili methodo conscripta /
_ca G.H. Nieupoort.
250 _aEditio novissima
_ba pluribusa, que in ceters irreplerant, mendis, expurgata, atque aennis tabulis ilustrata Ciu praeter Cl. Joan Matthaei Gesneri, accendunt perpetuae Guil. Oth. Reizi, atquae ejus Fratris Joannis Friederci adnotationes.
260 _aIn Typographia Bassanensi :
_bsumptibus Remondinianis,
_c1767.
300 _aXXIV, 371, [1] h. de grab., [3] h. de lám. pleg. ;
_c12º.
596 _aMarca tip. en port.
597 _aSign.: *\p12\s, A-P\p12\s, Q\p6\s.
599 _aLáminas son grab. calc.
650 7 _aRitos y ceremonias-
_zRoma
_2
_9141755
651 4 _aRoma-
_xUsos y costumbres.
_99321
700 1 _aRemondini, Giuseppe,
_dfl.1773-1811
_9241383
700 1 _aGesneri, Johann Mathias.
_9127297
700 1 _aReizius, Wielhem Otto.
_9131682
700 1 _aFriderici, Johann.
_9127150
752 _aItalia -
_dBassano
852 _aES-MaACL
_jR-494
_xOlim: D-461
_z-- Enc. perg.
999 _c160692
_d160692